000 003520000a22001570004500
003 MACL
040 _aMACL
090 _c42242
_d42240
100 _aKleiser, Grenville
245 _aCommon Errors in English
260 _bA P H Publishing Corporation
_c2009
350 _a395
650 _aEnglish
942 _cBOOK
_k420/KLE
951 _o420/KLE BOOK
999 _c41794
_d41794